Responses for Show #7621 - Monday, October 30, 2017

Contestants

[<< previous game]

Morgan Hanson, a Ph.D. candidate from Tullahoma, Tennessee

Charles Yu, a technical consultant from Hyattsville, Maryland

Anand Kandaswamy, an economist from Washington, D.C. (whose 1-day cash winnings total $10,001)

[next game >>]

Jeopardy! Round responses

WOLVERINE
"ANT", MAN
AVENGERS
FANTASTIC 4
CAP
MARVEL
    $200 28
the claws

Anand
    $200 16
antenna

Charles
    $200 6
Hamlet

Anand
    $200 15
Connect Four

Charles
    $200 21
(Anand: Who is Captain Blackbeard?)

Captain Kidd

Anand
Triple Stumper
    $200 5
Doctor Strange

Anand
    $400 24
a caribou

Charles
    $400 17
antifreeze

Anand
    $400 10
Borgia

Anand
    $400 11
Buddhism

Anand
    $400 19
Captain Obvious

Charles
    $400 1
Rocket Raccoon

Triple Stumper
    $600 25
a skunk bear

Anand
    $600 18
antecedent

Triple Stumper
    $600 7
(Morgan: What is 13?)

47

AnandMorgan
    $600 12
Notre Dame

Anand
    $600 20
El Capitan

Morgan
    $600 2
Elektra

Anand
    $800 26
a glutton

Triple Stumper
    $800 29
antepenultimate

Triple Stumper
    $1,600 8
the Furies

Anand
    $800 13
4-H

Morgan
    $800 22
(Toni) Tennille

Anand
    $800 3
Nick Fury

Anand
    $1000 27
a kit

Morgan
    $1000 30
(Morgan: What is [*]? What is [*]?)
(Alex: You didn't have to repeat it.)
(Morgan: That took, like, 7 seconds. Sorry.)

antidisestablishmentarianism

Morgan
    $1000 9
Cain

Morgan
    $1000 14
(Morgan: What is Windsor?)

four-in-hand

CharlesMorgan
    $1000 23
Captain Phillips

Anand
    $1000 4
Lou Ferrigno

Anand

Scores at the first commercial break (after clue 15):

Anand Charles Morgan
$6,400 $1,200 $200

Scores at the end of the Jeopardy! Round:

Anand Charles Morgan
$9,200 $2,200 $2,800

Double Jeopardy! Round responses

WORLD LEADERS
10-LETTER WORDS
(Alex: Not 28-.)
"Z" GRADE ENTERTAINMENT
A CONSTITUTIONAL VOCABULARY
THE STATE'S SECOND-LARGEST CITY
YOU HAVE ME AT A LOSS
    $400 1
the Vatican City

Morgan
    $400 8
vocational

Anand
    $400 14
Zorro

Morgan
    $400 7
blood

Charles
    $400 26
St. Paul

Anand
    $400 17
an eye

Morgan
    $800 2
South Africa

Anand
    $800 22
retraction

Anand
    $800 12
Warren Zevon

Triple Stumper
    $800 6
enumeration

Charles
    $800 27
Tulsa

Triple Stumper
    $800 18
your tongue

Morgan
    $1200 3
Brazil

Anand
    $1200 23
(Morgan: What is a trenchdress?)

a shirtdress

Morgan
Triple Stumper
    $1200 13
Zoom

Morgan
    $1200 9
a magazine

Charles
    $1200 28
Raleigh

Charles
    $1200 19
a finger

Morgan
    $1600 4
El Chapo

Morgan
    $1600 24
cockamamie

Triple Stumper
    $1600 15
Rob Zombie

Anand
    $1600 10
tax

Anand
    $1600 29
(Morgan: What is Boulder?)

Colorado Springs

Morgan
Triple Stumper
    $1,000 20
(Morgan: What is revenge?)

leg

Morgan
    $2000 5
(Emmanuel) Macron

Anand
    $2000 25
(Alex: We have less than a minute to go now, Anand.)

embouchure

Triple Stumper
    $1,200 16
Zodiac

Anand
    $2000 11
emoluments

Anand
    $2000 30
Fort Wayne

Triple Stumper
    $2000 21
(Morgan: What is a demon?)
...
(Alex: Remember Peter sliced off [*] when they captured Jesus.)

his ear

Morgan
Triple Stumper

Scores at the end of the Double Jeopardy! Round:

Anand Charles Morgan
$21,200 $5,800 $3,000
(lock game)

[wagering suggestions for these scores]

Final Jeopardy! Round responses

19th CENTURY LITERATURE
(Alex: [To Anand] [*] by Jules Verne. Captain Nemo on the Nautilus.)
MorganWhat is Watership Down
$3,000
CharlesWhat is The Ballad of Capn Crunch
$201
AnandWhat is 20,000 Leagues Under the Sea
$3,800
Twenty Thousand Leagues Under the Sea

Final scores:

Anand Charles Morgan
$25,000 $5,599 $0
2-day champion: $35,001 2nd place: $2,000 3rd place: $1,000

Game dynamics:

Coryat scores:

Anand Charles Morgan
$21,200 $5,800 $4,000
25 R
(including 2 DDs),
1 W
9 R,
0 W
12 R,
6 W
(including 1 DD)

Combined Coryat: $31,000

[game clues] [game scores] [suggest correction]

Game tape date: 2017-08-08
The J! Archive is created by fans, for fans. Scraping, republication, monetization, and malicious use prohibited; this site may use cookies and collect identifying information. See terms. The Jeopardy! game show and all elements thereof, including but not limited to copyright and trademark thereto, are the property of Jeopardy Productions, Inc. and are protected under law. This website is not affiliated with, sponsored by, or operated by Jeopardy Productions, Inc. Join the discussion at JBoard.tv.